000 00829nas a2200277 4500
001 BR2013010282
003 BR-BrBNA
005 20231205123417.0
007 ta
008 230509b bl.|||p| |||| 00| 00por d
040 _aBR-BrBNA
_bpor
_cBiblioteca Nacional de Agricultura
041 _a(Pt)
072 _aH10
100 1 _aMarques, A.P.C.
100 1 _aRocha, R.A.
245 1 _aRevisão do gênero Willistoniella Mik, 1895 (Diptera, Ropalomeridae)da Região Neotropical
650 _aDIPTERA
650 _aINSETO
650 _aESPÉCIE
650 _aIDENTIFICAÇÃO
650 _aTAXONOMIA
650 _aANATOMIA
773 0 _tRevista Brasileira de Entomologia (Brazil)
_xISSN 0085-5626
_g(Apr-Jun 2005), v. 49(2) p. 210-227
_wBR2013010282
909 _a202311
_bLúcia
_c55
_dLúcia Elande
942 _2AGRIS
_n0
_cANA
999 _c233733
_d233733